000 00699nam a22002297a 4500
001 7985
003 FISKH
005 20250818092914.0
008 250818b cb ||||| |||| 00| 0 eng d
040 _aFISKH
_beng
_cFISKH
_dFISKHPZ7.P374
050 _aPZ7.P374
082 _a823
100 _aParent, Nancy
245 _aEllie's tea party /
_cWritten by Ellie's Tea Party ; illustrated by Suzy Spafford
260 _aWeston :
_bParadise Press,
_c2009.
300 _a10 unnumbered pages :
_bcolor illustrations ;
_c18 cm
505 _aNP
520 _aEllie Funt invites her friends over for a tea party.
700 _aSpafford, Suzy
_eillustrator
942 _2ddc
_cBK
_n0
999 _c7985
_d7985